Biblioteca

A Ladino version of the Targum of Ruth (Registro nro. 50197)

Detalles MARC
000 -LÍDER
Campo fijo de descripción fija 010040000a22002290004500
001 - NÚMERO DE CONTROL
Campo de control 768714001
003 - IDENTIFICADOR DEL NÚMERO DE CONTROL
Campo de control CO-MdFUSB
005 - FECHA Y HORA DE LA ULTIMA TRANSACCIÓN
control field 20161103145617.0
008 - ELEMENTOS DE LONGITUD FIJA -- INFORMACIÓN GENERAL
Campo fijo de descripción fija -- Información general 161103s1996 sp ||||| |||| 00| 0 eng d
022 ## - NÚMERO INTERNACIONAL NORMALIZADO PARA PUBLICACIONES SERIADAS
Número Internacional Normalizado para Publicaciones Seriadas 0014-1437
040 ## - FUENTE DE CATALOGACIÓN
Agencia Catalogadora CO-MdFUSB
Idioma de catalogación spa
Agencia que realiza la transcripción CO-MdFUSB
Agencia que realiza la modificación CO-MdFUSB
041 ## - CÓDIGO DE IDIOMA
Código de idioma para texto/pista de sonido o título separado eng
100 1# - ASIENTO PRINCIPAL--NOMBRE PERSONAL
Nombre personal Avalos, Héctor Ignacio
Término relacionador autor
245 10 - TÍTULO
Título A Ladino version of the Targum of Ruth
300 ## - DESCRIPCIÓN FÍSICA
Extensión Volumen 54, número 2 (1996), Páginas 165-182
Dimensiones 23 cm.
520 ## - NOTA DE RESUMEN, ETC.
Nota de sumario, etc. Este artículo presenta algunos puntos de partida para el estudio de la versión del Targum de Rut en ladino. En este Targum encontramos una serie de interesantes lecturas que pueden reflejar una tradición aramea y diferente, en diversos aspectos de los testigos textuales del Targum de Rut que conocemos
546 ## - NOTA DE IDIOMA
Nota de idioma Texto en Inglés
653 ## - TÉRMINO DE INDIZACIÓN - NO CONTROLADO
Término no controlado Antiguo Testamento -- Rut
653 ## - TÉRMINO DE INDIZACIÓN - NO CONTROLADO
Término no controlado Targum
773 0# - ASIENTO DE ITEM FUENTE
Título Estudios Bíblicos
Biblionumber 49452
Itemnumber 60482
Parte(s) relacionada(s) / Volumen., número. (mes año), páginas Volumen 54, número 2 (1996), Páginas 165-182
Enumeración y primera página Páginas 165
942 ## - TIPO DE MATERIAL (KOHA)
Tipo de Item KOHA Artículos de Revista
Existencias
Expurgo - (Retirado) Estado de Perdido Estado de Dañado No prestable Colección Ubicación habitual Ubicación actual Fecha de Adquisición Signatura Topográfica Tipo de Material
        Colección de Hemeroteca Biblioteca FUSBC Biblioteca FUSBC 26/01/2016 Artículos de Revista

Biblioteca FUSBC | Teléfono: (57+4) 349 88 10 Ext. 141| WhatsApp (+57) 3005338115 
E-mail: biblioteca@unisbc.edu.co | Calle 76 87-14 Robledo Palenque, Medellín, Colombia

Con tecnología Koha